A Clickable Word Maze Quiz Stats

Quiz not verified by Sporcle

Challenge
Share
Tweet
NOTE: Ignore the symbols before the letters. They're just there for alphabetisation. 'EoL' denotes the end of a line. If your browser does not have 10x 'EoL' at the ends of the lines, refer to the linked picture.
Score 0/100 Timer 10:00
0 Plays Today
% Correct
???
99.8%
???
83.6%
???
81.5%
???
71%
???
57%
???
35.4%
???
24.4%
???
23.6%
???
23.4%
???
23%
???
22.6%
???
22.2%
???
21.4%
???
21.2%
???
21.2%
???
21%
???
20.4%
???
19.7%
???
19.3%
???
19.1%
???
19%
???
19%
???
16%
???
15.4%
???
15.3%
???
15.2%
???
15.1%
???
15.1%
???
15%
???
14.8%
???
14.7%
???
14.6%
???
14.2%
???
14.2%
% Correct
???
14%
???
14%
???
13.9%
???
13.9%
???
13.9%
???
13.4%
???
12.7%
???
12.6%
???
12.5%
???
11%
???
9.9%
???
9.8%
???
9.5%
???
9.4%
???
9.1%
???
8.9%
???
8%
???
7.8%
???
7.7%
???
7.6%
???
7.5%
???
7.5%
???
7.5%
???
7.4%
???
7.1%
???
7.1%
???
6.9%
???
6.9%
???
6.8%
???
6.7%
???
6%
???
5.9%
???
5.9%
???
5.8%
% Correct
???
5.8%
???
5.6%
???
5.6%
???
5.6%
???
5.5%
???
5.4%
???
5.3%
???
5.3%
???
5.3%
???
5.3%
???
5.2%
???
5.2%
???
5.2%
???
5.2%
???
5.2%
???
5%
???
5%
???
4.9%
???
4.9%
???
4.9%
???
4.9%
???
4.9%
???
4.8%
???
4.8%
???
4.8%
???
4.8%
???
4.8%
???
4.8%
???
4.7%
???
4.7%
???
4.6%
???
4.6%

You're not logged in!

Compare scores with friends on all Sporcle quizzes.
Sign Up with Email
OR
Log In

You Might Also Like...

Show Comments

Extras

Top Quizzes Today


Score Distribution

Your Account Isn't Verified!

In order to create a playlist on Sporcle, you need to verify the email address you used during registration. Go to your Sporcle Settings to finish the process.

Report this User

Report this user for behavior that violates our Community Guidelines.

Details: